<?xml version="1.0" encoding="UTF-8"?>
<record
    xmlns:xsi="http://www.w3.org/2001/XMLSchema-instance"
    xsi:schemaLocation="http://www.loc.gov/MARC21/slim http://www.loc.gov/standards/marcxml/schema/MARC21slim.xsd"
    xmlns="http://www.loc.gov/MARC21/slim">

  <leader>00188nam a22000857a 4500</leader>
  <controlfield tag="003">SGT</controlfield>
  <datafield tag="245" ind1=" " ind2=" ">
    <subfield code="a">AMERICAN JOURNAL OF NURSING </subfield>
  </datafield>
  <datafield tag="260" ind1=" " ind2=" ">
    <subfield code="a">USA</subfield>
    <subfield code="b">WOLTER KLUWER</subfield>
    <subfield code="c">2015 TO2020</subfield>
  </datafield>
  <datafield tag="942" ind1=" " ind2=" ">
    <subfield code="2">ddc</subfield>
    <subfield code="c">BV</subfield>
  </datafield>
  <datafield tag="952" ind1=" " ind2=" ">
    <subfield code="0">0</subfield>
    <subfield code="1">0</subfield>
    <subfield code="2">ddc</subfield>
    <subfield code="4">0</subfield>
    <subfield code="7">1</subfield>
    <subfield code="8">MEDICAL</subfield>
    <subfield code="a">FM</subfield>
    <subfield code="b">FM</subfield>
    <subfield code="c">REF</subfield>
    <subfield code="d">2023-06-27</subfield>
    <subfield code="h">VOL-115 ,2015</subfield>
    <subfield code="i">SGTU</subfield>
    <subfield code="p">PM1153</subfield>
    <subfield code="r">2023-06-27 00:00:00</subfield>
    <subfield code="w">2023-06-27</subfield>
    <subfield code="y">BV</subfield>
  </datafield>
  <datafield tag="952" ind1=" " ind2=" ">
    <subfield code="0">0</subfield>
    <subfield code="1">0</subfield>
    <subfield code="2">ddc</subfield>
    <subfield code="4">0</subfield>
    <subfield code="7">1</subfield>
    <subfield code="8">MEDICAL</subfield>
    <subfield code="a">FM</subfield>
    <subfield code="b">FM</subfield>
    <subfield code="c">REF</subfield>
    <subfield code="d">2023-06-27</subfield>
    <subfield code="h">VOL-116 ,2016</subfield>
    <subfield code="i">SGTU</subfield>
    <subfield code="p">PM1154</subfield>
    <subfield code="r">2023-06-27 00:00:00</subfield>
    <subfield code="w">2023-06-27</subfield>
    <subfield code="y">BV</subfield>
  </datafield>
  <datafield tag="952" ind1=" " ind2=" ">
    <subfield code="0">0</subfield>
    <subfield code="1">0</subfield>
    <subfield code="2">ddc</subfield>
    <subfield code="4">0</subfield>
    <subfield code="7">1</subfield>
    <subfield code="8">MEDICAL</subfield>
    <subfield code="a">FM</subfield>
    <subfield code="b">FM</subfield>
    <subfield code="c">REF</subfield>
    <subfield code="d">2023-06-27</subfield>
    <subfield code="h">VOL-117 ,2017</subfield>
    <subfield code="i">SGTU</subfield>
    <subfield code="p">PM1155</subfield>
    <subfield code="r">2023-06-27 00:00:00</subfield>
    <subfield code="w">2023-06-27</subfield>
    <subfield code="y">BV</subfield>
  </datafield>
  <datafield tag="952" ind1=" " ind2=" ">
    <subfield code="0">0</subfield>
    <subfield code="1">0</subfield>
    <subfield code="2">ddc</subfield>
    <subfield code="4">0</subfield>
    <subfield code="7">1</subfield>
    <subfield code="8">MEDICAL</subfield>
    <subfield code="a">FM</subfield>
    <subfield code="b">FM</subfield>
    <subfield code="c">REF</subfield>
    <subfield code="d">2023-06-27</subfield>
    <subfield code="h">VOL-119 ,2019</subfield>
    <subfield code="i">SGTU</subfield>
    <subfield code="p">PM1156</subfield>
    <subfield code="r">2023-06-27 00:00:00</subfield>
    <subfield code="w">2023-06-27</subfield>
    <subfield code="y">BV</subfield>
  </datafield>
  <datafield tag="952" ind1=" " ind2=" ">
    <subfield code="0">0</subfield>
    <subfield code="1">0</subfield>
    <subfield code="2">ddc</subfield>
    <subfield code="4">0</subfield>
    <subfield code="7">1</subfield>
    <subfield code="8">MEDICAL</subfield>
    <subfield code="a">FM</subfield>
    <subfield code="b">FM</subfield>
    <subfield code="c">REF</subfield>
    <subfield code="d">2023-06-27</subfield>
    <subfield code="h">VOL-120 ,2020</subfield>
    <subfield code="i">SGTU</subfield>
    <subfield code="p">PM1157</subfield>
    <subfield code="r">2023-06-27 00:00:00</subfield>
    <subfield code="w">2023-06-27</subfield>
    <subfield code="y">BV</subfield>
  </datafield>
  <datafield tag="999" ind1=" " ind2=" ">
    <subfield code="c">24073</subfield>
    <subfield code="d">24073</subfield>
  </datafield>
</record>
